000 00538nam a2200205Ia 4500
005 20250508165050.0
008 008 250505s9999 xx 000 0 hin d
037 _aTextual
040 _aFEDL
_beng
_cFEDL
041 _ahin
_2hin
084 _a891.434, SHA
_qFEDL
100 _aSharma Achla
245 0 _aSresht hindi-nibandh
260 _aNew Delhi, India
_bRajkamal Prakashan
_c1978
300 _a115p.
365 _aINR
_b12.5
546 _aMACESE
942 _cTEXL
_h891.434, SHA
999 _c1392944
_d1392944